zpět

Detail výsledku týmu

U Buriana, Třinec

Datum a čas kvízu

27.5 Celkem bodů Celkový počet nahraných bodů na tomto kvízu bez doplňovacích otázek.
7. Pořadí na kvízu Konečné umístění týmu na tomto kvízu.

Zaznamenané odpovědi

# Otázka Odpověď Body Výsledky
1. Která česká zoologická zahrada... Zoo Plzeň 0
2. Na internetu se minulý týden o... A 0
3. Ve čtvrtek vyšel trailer na no... bude černobílá 0
4. Kterou americkou komunikační p... WhatsApp 1
5. Ze kterého města pochází tým,... ze Seattlu 0
6. Hned v úvodu bod rozdělíme: za... Ulánbátar; Altaj 0.5
7. Mongolština může být zapisován... cyrilice (azbuka) 0
8. Jak se jmenuje hudební skupina... The Hu 0
9. Které náboženství je v Mongols... buddhismus (lamaismus) 1
10. Do Mongolska zasadila děj svéh... babičce 0